[Event "SLO-chT1 East 29th"]
[Site "Slovenia"]
[Date "2019.10.20"]
[Round "9.4"]
[White "Centrih, Aleks"]
[Black "Gerencer, Jozef"]
[Result "1-0"]
[WhiteElo "1601"]
[BlackElo "1919"]
[PlyCount "55"]
[EventDate "2019.09.06"]
[EventType "team-tourn"]
[EventRounds "9"]
[EventCountry "SLO"]
[SourceTitle "CBM 192 Extra"]
[Source "Chessbase"]
[SourceDate "2019.11.06"]
[SourceVersion "1"]
[SourceVersionDate "2019.11.06"]
[SourceQuality "1"]
[WhiteTeam "Maribor II"]
[BlackTeam "Lendava Rokada"]
[WhiteTeamCountry "SLO"]
[BlackTeamCountry "SLO"]

1. e4 d5 2. exd5 Qxd5 3. Nc3 Qa5 4. d4 Nf6 5. Bc4 c6 6. Nf3 Bg4 7. h3 Bxf3 8. Qxf3 e6 9. Bd2 Qc7 10. 0-0-0 Nbd7 11. g4 Nb6 12. Bb3 Bd6 13. Ne4 Nxe4 14. Qxe4 0-0-0 15. f4 c5 16. dxc5 Bxc5 17. Bc3 Rhg8 18. Be5 Qc6 19. Qxh7 Qf3 20. Rdf1 Qe3+ 21. Kb1 a5 22. a4 Bd4 23. Bxd4 Qxd4 24. Rd1 Qxd1+ 25. Rxd1 Rxd1+ 26. Ka2 Rgd8 27. Qh5 g6 28. Qc5+ 1-0

[Event "SLO-chT1 East"]
[Site "Slovenia"]
[Date "2019.09.20"]
[Round "4.2"]
[White "Juric, Marko"]
[Black "Gerencer, Jozef"]
[Result "1/2-1/2"]
[WhiteElo "1847"]
[BlackElo "1919"]
[PlyCount "83"]
[EventDate "2019.09.06"]
[EventType "team-tourn"]
[EventRounds "9"]
[EventCountry "SLO"]
[SourceTitle "EXT 2020"]
[Source "ChessBase"]
[SourceDate "2019.10.17"]
[SourceVersion "1"]
[SourceVersionDate "2019.10.17"]
[SourceQuality "1"]
[WhiteTeam "Zagorje ob Savi"]
[BlackTeam "Lendava Rokada"]
[WhiteTeamCountry "SLO"]
[BlackTeamCountry "SLO"]

1. e4 d5 2. exd5 Qxd5 3. Nc3 Qa5 4. Nf3 Bg4 5. Be2 Nf6 6. 0-0 e6 7. d3 c6 8. Bf4 Nbd7 9. a3 Be7 10. h3 Bh5 11. Nd2 Bxe2 12. Qxe2 0-0 13. Nc4 Qd8 14. Bg3 Nb6 15. Nd2 Nbd5 16. Nce4 Nxe4 17. Nxe4 Qd7 18. Rfe1 Rad8 19. Rad1 Rfe8 20. Nd2 b5 21. Nf3 Bf6 22. d4 a6 23. c3 Nb6 24. Ne5 Bxe5 25. Bxe5 Nc4 26. Bf4 Qd5 27. Bc1 Qf5 28. a4 Rd5 29. b3 Nb6 30. a5 Nc8 31. b4 Nd6 32. Qd3 Qxd3 33. Rxd3 h6 34. f4 Kf8 35. Ree3 Nc4 36. Re2 Red8 37. Rf3 Nd6 38. g4 Rd7 39. Ba3 g6 40. Kg2 Kg7 41. Bc1 Rd8 42. Kf2 1/2-1/2

[Event "SLO-chT1 East"]
[Site "Slovenia"]
[Date "2019.09.08"]
[Round "3.2"]
[White "Gerencer, Jozef"]
[Black "Sardi, Darko"]
[Result "1/2-1/2"]
[WhiteElo "1919"]
[BlackElo "1850"]
[PlyCount "31"]
[EventDate "2019.09.06"]
[EventType "team-tourn"]
[EventRounds "9"]
[EventCountry "SLO"]
[SourceTitle "EXT 2020"]
[Source "ChessBase"]
[SourceDate "2019.10.17"]
[SourceVersion "1"]
[SourceVersionDate "2019.10.17"]
[SourceQuality "1"]
[WhiteTeam "Lendava Rokada"]
[BlackTeam "Fram"]
[WhiteTeamCountry "SLO"]
[BlackTeamCountry "SLO"]

1. d4 d5 2. Nf3 Nf6 3. c3 c6 4. Bf4 Bf5 5. e3 Qb6 6. Qb3 Nbd7 7. Nbd2 e6 8. Be2 Be7 9. 0-0 h6 10. Ne5 Nxe5 11. Bxe5 0-0 12. f3 Nd7 13. Bg3 Nf6 14. Be5 Nd7 15. Bg3 Nf6 16. Be5 1/2-1/2

[Event "SLO-chT1 East"]
[Site "Slovenia"]
[Date "2019.09.06"]
[Round "1.1"]
[White "Gerencer, Jozef"]
[Black "Havas, Juraj"]
[Result "1/2-1/2"]
[WhiteElo "1919"]
[BlackElo "2095"]
[PlyCount "81"]
[EventDate "2019.09.06"]
[EventType "team-tourn"]
[EventRounds "9"]
[EventCountry "SLO"]
[SourceTitle "EXT 2020"]
[Source "ChessBase"]
[SourceDate "2019.10.17"]
[SourceVersion "1"]
[SourceVersionDate "2019.10.17"]
[SourceQuality "1"]
[WhiteTeam "Lendava Rokada"]
[BlackTeam "Zalec"]
[WhiteTeamCountry "SLO"]
[BlackTeamCountry "SLO"]

1. d4 Nf6 2. Nf3 g6 3. Bf4 Bg7 4. e3 d6 5. h3 0-0 6. c3 b6 7. Nbd2 Bb7 8. Bc4 Nbd7 9. 0-0 Qe8 10. Qe2 e5 11. dxe5 dxe5 12. Bh2 Qe7 13. Rad1 Rad8 14. Bb3 Ne4 15. Nxe4 Bxe4 16. Bd5 Nc5 17. Bxe4 Nxe4 18. Rxd8 Rxd8 19. Rd1 Rd6 20. Rxd6 Qxd6 21. Nd4 c5 22. Nb3 Qd5 23. f3 Nd6 24. e4 Qc6 25. Qd2 c4 26. Nc1 f6 27. Ne2 Kf7 28. Ng3 Nb7 29. Nf1 Nc5 30. Ne3 Bh6 31. Qe2 Bxe3+ 32. Qxe3 Qd6 33. Bg3 Qd1+ 34. Kh2 g5 35. h4 h6 36. hxg5 hxg5 37. Kh3 Qc2 38. Bxe5 fxe5 39. Qxg5 Qxb2 40. Qf5+ Ke7 41. Qxe5+ 1/2-1/2

[Event "SLO-chT1 East"]
[Site "Slovenia"]
[Date "2017.11.12"]
[Round "6"]
[White "Gerencer, Jozef"]
[Black "Petauer, Janez"]
[Result "1/2-1/2"]
[WhiteElo "1932"]
[BlackElo "1925"]
[PlyCount "61"]
[EventDate "2017.09.29"]
[EventType "team-tourn"]
[EventRounds "9"]
[EventCountry "SLO"]
[SourceTitle "EXT 2019"]
[Source "ChessBase"]
[SourceDate "2018.10.10"]
[SourceVersion "1"]
[SourceVersionDate "2018.10.10"]
[SourceQuality "1"]
[WhiteTeam "Lendava Rokada"]
[BlackTeam "Celjski"]
[WhiteTeamCountry "SLO"]
[BlackTeamCountry "SLO"]

1. d4 Nf6 2. Nf3 g6 3. b3 Bg7 4. Bb2 0-0 5. c4 d6 6. Nc3 c6 7. e3 Qc7 8. Be2 Nbd7 9. 0-0 Re8 10. Qc2 e5 11. dxe5 dxe5 12. Rfd1 Nc5 13. e4 Bg4 14. Ba3 Bf8 15. Bxc5 Bxc5 16. Ne1 Be6 17. Rd2 Rad8 18. Rad1 Bd4 19. Bf3 Rd7 20. Ne2 Red8 21. Nxd4 Rxd4 22. Rxd4 Rxd4 23. Rxd4 exd4 24. Qd2 Qd6 25. Nd3 Nd7 26. Qa5 Qb8 27. c5 Ne5 28. Be2 Nxd3 29. Bxd3 b5 30. g3 Kg7 31. Kg2 1/2-1/2

[Event "SLO-chT1 East"]
[Site "Slovenia"]
[Date "2016.11.27"]
[Round "9"]
[White "Gerencer, Jozef"]
[Black "Petauer, Eva"]
[Result "1/2-1/2"]
[WhiteElo "1963"]
[BlackElo "1911"]
[PlyCount "64"]
[EventDate "2016.09.23"]
[EventType "team-tourn"]
[EventRounds "9"]
[EventCountry "SLO"]
[SourceTitle "EXT 2019"]
[Source "ChessBase"]
[SourceDate "2018.10.10"]
[SourceVersion "1"]
[SourceVersionDate "2018.10.10"]
[SourceQuality "1"]
[WhiteTeam "Lendava Rokada"]
[BlackTeam "Celjski"]
[WhiteTeamCountry "SLO"]
[BlackTeamCountry "SLO"]

1. d4 Nf6 2. Nf3 g6 3. Bf4 Bg7 4. e3 d6 5. h3 0-0 6. Bc4 Nbd7 7. 0-0 c6 8. c3 Qe8 9. Nbd2 e5 10. dxe5 dxe5 11. Bh2 Qe7 12. Qe2 h6 13. Rfd1 Re8 14. Bb3 Nh7 15. Nc4 Ng5 16. Nd6 Rf8 17. Nxg5 hxg5 18. Qd3 Nc5 19. Nxc8 Raxc8 20. Qd6 Qxd6 21. Rxd6 Nxb3 22. axb3 Rfd8 23. Rad1 Rxd6 24. Rxd6 Rc7 25. Rd8+ Kh7 26. e4 Re7 27. f3 Bh6 28. g4 Kg7 29. Kf1 Kf6 30. Ke2 Ke6 31. Bg3 Bg7 32. Bf2 b6 1/2-1/2

[Event "SLO-chT1 East"]
[Site "Slovenia"]
[Date "2015.11.07"]
[Round "5"]
[White "Gerencer, Jozef"]
[Black "Cernjak, Ambroz"]
[Result "1/2-1/2"]
[WhiteElo "1984"]
[BlackElo "1663"]
[PlyCount "82"]
[EventDate "2015.10.16"]
[EventType "team-tourn"]
[EventRounds "9"]
[EventCountry "SLO"]
[SourceTitle "EXT 2019"]
[Source "ChessBase"]
[SourceDate "2018.10.10"]
[SourceVersion "1"]
[SourceVersionDate "2018.10.10"]
[SourceQuality "1"]
[WhiteTeam "Rokada Lendava"]
[BlackTeam "Slovenj Gradec"]
[WhiteTeamCountry "SLO"]
[BlackTeamCountry "SLO"]

1. d4 d5 2. Nf3 Nf6 3. Bg5 Nbd7 4. e3 e6 5. Bd3 Be7 6. Nbd2 b6 7. 0-0 Bb7 8. c3 0-0 9. Qa4 a6 10. Ne5 b5 11. Qc2 h6 12. Nxd7 Nxd7 13. Bxe7 Qxe7 14. f4 f5 15. Rf3 Nf6 16. Rg3 Nh5 17. Rh3 Nf6 18. Nb3 Nd7 19. Na5 Rab8 20. b4 Nb6 21. Nb3 Nd7 22. a4 c6 23. Qe2 Nf6 24. Nc5 Bc8 25. Qe1 h5 26. Qh4 g6 27. Rg3 Kg7 28. Be2 Rh8 29. Nd3 Qe8 30. Ne5 Ng4 31. h3 Nxe5 32. fxe5 Rh6 33. Qf6+ Kh7 34. a5 Rb7 35. Rf1 Qe7 36. Qxe7+ Rxe7 37. h4 Rg7 38. Rg5 Bd7 39. Kh2 Be8 40. Kg3 Kg8 41. Kf4 Kf8 1/2-1/2

[Event "SLO-chT1 East"]
[Site "Celje"]
[Date "2014.10.17"]
[Round "6"]
[White "Glavac, Igor"]
[Black "Gerencer, Jozef"]
[Result "1-0"]
[WhiteElo "1867"]
[BlackElo "2009"]
[PlyCount "89"]
[EventDate "2014.10.09"]
[EventType "team-tourn"]
[EventRounds "9"]
[EventCountry "SLO"]
[SourceTitle "EXT 2019"]
[Source "ChessBase"]
[SourceDate "2018.10.10"]
[SourceVersion "1"]
[SourceVersionDate "2018.10.10"]
[SourceQuality "1"]
[WhiteTeam "Milan Majcen Sevnica"]
[BlackTeam "Rokada Lendava"]
[WhiteTeamCountry "SLO"]
[BlackTeamCountry "SLO"]

1. d4 d5 2. Nf3 Nf6 3. c4 e6 4. g3 c6 5. Bg2 Bd6 6. 0-0 Nbd7 7. Nc3 0-0 8. Qc2 dxc4 9. Nd2 Nb6 10. Nce4 e5 11. Nxd6 Qxd6 12. dxe5 Qxe5 13. Nxc4 Nxc4 14. Qxc4 Re8 15. e3 Bf5 16. Qb3 Qc7 17. Bd2 Ne4 18. Bc3 Rad8 19. Rfd1 Nxc3 20. Qxc3 Bg4 21. Rd4 Rxd4 22. Qxd4 Be6 23. Qxa7 Rd8 24. Rc1 Rd7 25. Bf3 g6 26. a3 Qe5 27. Rc3 Bh3 28. Qa4 Rd2 29. Qa8+ Kg7 30. Qxb7 Qf5 31. Qxc6 Rxb2 32. Rc1 Rb1 33. Bg2 Bxg2 34. Kxg2 Rb3 35. a4 h5 36. Qf3 Qe5 37. Rc4 Qa5 38. Qd1 Qa8+ 39. Kh3 Qb7 40. Qd4+ Kg8 41. Qd8+ Kg7 42. Rc8 Kh6 43. Qh8+ Kg5 44. Rc5+ f5 45. f4# 1-0

[Event "HUN-chT2 Szechenyi 1213"]
[Site "Hungary"]
[Date "2012.10.07"]
[Round "2.4"]
[White "Gerencer, Jozef"]
[Black "Tamas, Gyorgy"]
[Result "1/2-1/2"]
[WhiteElo "2038"]
[BlackElo "2119"]
[PlyCount "20"]
[EventDate "2012.09.16"]
[EventType "team-tourn"]
[EventRounds "11"]
[EventCountry "HUN"]
[SourceTitle "EXT 2014"]
[Source "ChessBase"]
[SourceDate "2013.11.20"]
[SourceVersion "1"]
[SourceVersionDate "2013.11.20"]
[SourceQuality "1"]
[WhiteTeam "Zalaegerszeg Bagi"]
[BlackTeam "Zala Volan"]
[WhiteTeamCountry "HUN"]
[BlackTeamCountry "HUN"]

1. d4 Nf6 2. Nf3 e6 3. Bg5 d5 4. e3 Be7 5. Bd3 0-0 6. Nbd2 c5 7. c3 Qb6 8. Qb3 Bd7 9. 0-0 h6 10. Bh4 Re8 1/2-1/2

[Event "SLO-CupT"]
[Site "Slovenia"]
[Date "2010.12.12"]
[Round "5"]
[White "Furlan, Miha"]
[Black "Gerencer, Jozef"]
[Result "1/2-1/2"]
[WhiteElo "2331"]
[BlackElo "2072"]
[PlyCount "115"]
[EventDate "2010.05.09"]
[EventType "team-swiss"]
[EventRounds "5"]
[EventCountry "SLO"]
[SourceTitle "EXT 2024"]
[Source "ChessBase"]
[SourceDate "2023.10.10"]
[SourceVersion "1"]
[SourceVersionDate "2023.10.10"]
[SourceQuality "1"]
[WhiteTeam "Trebnje BMP"]
[BlackTeam "Rokada Lendava"]
[WhiteTeamCountry "SLO"]
[BlackTeamCountry "SLO"]

1. e4 d5 2. exd5 Qxd5 3. Nc3 Qa5 4. d4 Nf6 5. Nf3 Bg4 6. h3 Bxf3 7. Qxf3 c6 8. Bd2 e6 9. 0-0-0 Nbd7 10. Kb1 Bb4 11. a3 Bxc3 12. Bxc3 Qc7 13. Bd2 Nb6 14. g4 Qd7 15. Bg2 0-0-0 16. Bc1 Qd5 17. Qg3 Qc4 18. b3 Qb5 19. Bb2 a5 20. a4 Qa6 21. c4 Nbd7 22. Qf3 Rhe8 23. Rhe1 Qb6 24. Ka2 h6 25. h4 g5 26. hxg5 hxg5 27. d5 e5 28. dxc6 bxc6 29. Rd6 Re6 30. Rxe6 fxe6 31. Qxc6+ Qxc6 32. Bxc6 Nxg4 33. f3 Nb8 34. Bb5 Nh2 35. Rxe5 Nxf3 36. Rxe6 Rg8 37. c5 g4 38. Be2 Rg5 39. Re4 Nc6 40. Bc3 Rxc5 41. Kb2 Nce5 42. Rf4 Kb7 43. Rf8 Ka7 44. Bxe5 Rxe5 45. Bxf3 gxf3 46. Rxf3 Re2+ 47. Kc3 Re5 48. Kd4 Rh5 49. Re3 Kb6 50. Re6+ Kb7 51. Re5 Rxe5 52. Kxe5 Kc6 53. Kd4 Kd6 54. Kc4 Kc6 55. Kc3 Kc5 56. Kc2 Kc6 57. Kd3 Kd5 58. Kc3 1/2-1/2

[Event "HUN-chT2 Szechenyi 0910"]
[Site "Hungary"]
[Date "2010.01.31"]
[Round "5.1"]
[White "Fancsy, Imre"]
[Black "Gerencer, Jozef"]
[Result "1-0"]
[WhiteElo "2398"]
[BlackElo "2108"]
[PlyCount "107"]
[EventDate "2009.11.08"]
[EventType "team-tourn"]
[EventRounds "11"]
[EventCountry "HUN"]
[SourceTitle "EXT 2011"]
[Source "ChessBase"]
[SourceDate "2010.11.26"]
[SourceVersion "1"]
[SourceVersionDate "2010.11.26"]
[SourceQuality "1"]
[WhiteTeam "BSC"]
[BlackTeam "Baki Agrocentrum"]
[WhiteTeamCountry "HUN"]
[BlackTeamCountry "HUN"]

1. Nf3 d5 2. c4 e6 3. g3 Nf6 4. Bg2 c6 5. Qc2 Nbd7 6. d4 Ne4 7. 0-0 Bd6 8. b3 0-0 9. Ba3 Bxa3 10. Nxa3 f5 11. e3 Rf6 12. Qb2 g5 13. Nc2 g4 14. Nh4 Nf8 15. Bxe4 fxe4 16. Ne1 Ng6 17. Nxg6 Rxg6 18. Ng2 Bd7 19. Nf4 Rh6 20. Kg2 Qg5 21. Rh1 Rf8 22. Qe2 Rhf6 23. h3 gxh3+ 24. Rxh3 Rh6 25. Rxh6 Qxh6 26. Rh1 Qg7 27. Rh4 e5 28. dxe5 Qxe5 29. cxd5 cxd5 30. Qh5 Qxh5 31. Rxh5 Rf5 32. Rxf5 Bxf5 33. Nxd5 Kf7 34. Nc3 Ke6 35. g4 Bg6 36. Kg3 Ke5 37. Kh4 Be8 38. Kg5 Bd7 39. Ne2 h6+ 40. Kh5 a5 41. Nd4 b5 42. Kxh6 Bxg4 43. Nxb5 Bd7 44. Nd4 Kd5 45. Kg5 Ke5 46. Kg6 Be8+ 47. Kg7 Bd7 48. Kf8 Kd6 49. Kf7 Bg4 50. Kf6 Bd7 51. a3 Bh3 52. Kg5 Bd7 53. Kf4 Kd5 54. Ne2 1-0

[Event "HUN-chT2 Szechenyi 0910"]
[Site "Hungary"]
[Date "2010.01.17"]
[Round "4.1"]
[White "Gerencer, Jozef"]
[Black "Rako, Istvan"]
[Result "1/2-1/2"]
[WhiteElo "2108"]
[BlackElo "2153"]
[PlyCount "52"]
[EventDate "2009.11.08"]
[EventType "team-tourn"]
[EventRounds "11"]
[EventCountry "HUN"]
[SourceTitle "EXT 2011"]
[Source "ChessBase"]
[SourceDate "2010.11.26"]
[SourceVersion "1"]
[SourceVersionDate "2010.11.26"]
[SourceQuality "1"]
[WhiteTeam "Baki Agrocentrum"]
[BlackTeam "FKMK"]
[WhiteTeamCountry "HUN"]
[BlackTeamCountry "HUN"]

1. d4 Nf6 2. Nf3 c5 3. e3 e6 4. Bd3 b6 5. 0-0 Be7 6. Nbd2 Ba6 7. Bxa6 Nxa6 8. b3 cxd4 9. Nxd4 Qc7 10. c4 0-0 11. Bb2 Rfd8 12. Qf3 Nc5 13. Rfd1 Nd3 14. Bc3 d5 15. Qe2 Nb4 16. a3 Nc6 17. Nxc6 Qxc6 18. Bb2 Rac8 19. Rac1 h6 20. cxd5 Qxd5 21. Nc4 Qb5 22. Qc2 Qc6 23. Qe2 Qb5 24. Qc2 Qc6 25. Qe2 Qb5 26. Qc2 Qc6 1/2-1/2

[Event "HUN-chT2 Szechenyi 0910"]
[Site "Hungary"]
[Date "2009.12.06"]
[Round "3.2"]
[White "Soponyai, Andras"]
[Black "Gerencer, Jozef"]
[Result "1/2-1/2"]
[WhiteElo "2060"]
[BlackElo "2108"]
[PlyCount "74"]
[EventDate "2009.11.08"]
[EventType "team-tourn"]
[EventRounds "11"]
[EventCountry "HUN"]
[SourceTitle "EXT 2011"]
[Source "ChessBase"]
[SourceDate "2010.11.26"]
[SourceVersion "1"]
[SourceVersionDate "2010.11.26"]
[SourceQuality "1"]
[WhiteTeam "HVSE Infraplan"]
[BlackTeam "Baki Agrocentrum"]
[WhiteTeamCountry "HUN"]
[BlackTeamCountry "HUN"]

1. e4 d5 2. Qe2 dxe4 3. Nc3 Nf6 4. Nxe4 Nxe4 5. Qxe4 Nd7 6. Bc4 Nf6 7. Qe2 g6 8. Nf3 Bg7 9. d4 0-0 10. 0-0 Bg4 11. c3 Qd7 12. h3 Bxf3 13. Qxf3 c6 14. Bf4 Nd5 15. Bg3 Rad8 16. Rfe1 e6 17. Re2 b5 18. Bb3 b4 19. c4 Nb6 20. Rd1 a5 21. c5 Nd5 22. Bd6 Rfe8 23. Be5 Qa7 24. Bc4 Rd7 25. h4 Qa8 26. h5 Qd8 27. hxg6 hxg6 28. g3 Bxe5 29. Rxe5 Kg7 30. Bxd5 Rxd5 31. Rxd5 Qxd5 32. Qxd5 exd5 33. Kf1 Kf6 34. f3 Kf5 35. Kf2 Rh8 36. Kg2 Re8 37. Kf2 Rh8 1/2-1/2

[Event "SLO-chT1 West"]
[Site "Sentjur"]
[Date "2009.10.25"]
[Round "5"]
[White "Gerencer, Jozef"]
[Black "Mazej, Jernej"]
[Result "1/2-1/2"]
[WhiteElo "2108"]
[BlackElo "2070"]
[PlyCount "33"]
[EventDate "2009.10.22"]
[EventType "team-tourn"]
[EventRounds "9"]
[EventCountry "SLO"]
[SourceTitle "EXT 2010"]
[Source "ChessBase"]
[SourceDate "2010.11.25"]
[SourceVersion "1"]
[SourceVersionDate "2010.11.25"]
[SourceQuality "1"]

1. d4 d5 2. Nf3 e6 3. e3 f5 4. Ne5 Nf6 5. Bd3 Bd6 6. f4 0-0 7. 0-0 c5 8. c3 Bd7 9. Nxd7 Nbxd7 10. Nd2 c4 11. Be2 b5 12. b3 Ne4 13. Nxe4 fxe4 14. a4 a6 15. axb5 axb5 16. Rxa8 Qxa8 17. Bg4 1/2-1/2

[Event "HUN-chT2 Szechenyi 0809"]
[Site "Hungary"]
[Date "2009.03.08"]
[Round "9.2"]
[White "Gerencer, Jozef"]
[Black "Paksa, Rudolf"]
[Result "1-0"]
[WhiteElo "2131"]
[BlackElo "2197"]
[PlyCount "89"]
[EventDate "2008.10.26"]
[EventType "team-tourn"]
[EventRounds "11"]
[EventCountry "HUN"]
[SourceTitle "EXT 2010"]
[Source "ChessBase"]
[SourceDate "2010.11.25"]
[SourceVersion "1"]
[SourceVersionDate "2010.11.25"]
[SourceQuality "1"]
[WhiteTeam "Baki Agrocentrum"]
[BlackTeam "Ajka Banyasz"]
[WhiteTeamCountry "HUN"]
[BlackTeamCountry "HUN"]

1. d4 d5 2. Nf3 Nf6 3. e3 Bf5 4. Bd3 Bg6 5. 0-0 e6 6. c4 c6 7. Ne5 Nbd7 8. f4 dxc4 9. Bxc4 c5 10. Qb3 cxd4 11. Qxb7 Be4 12. Qa6 Qb6 13. Nxd7 Nxd7 14. Qxb6 axb6 15. exd4 Be7 16. Nc3 Bc6 17. d5 exd5 18. Bxd5 Bc5+ 19. Kh1 Bxd5 20. Nxd5 0-0 21. Be3 Bxe3 22. Nxe3 Nf6 23. a3 Rfe8 24. Nc4 Re2 25. Rfe1 Rc2 26. Rac1 Rxc1 27. Rxc1 Rc8 28. Rd1 h5 29. Nxb6 Rc2 30. b4 Ng4 31. Re1 Nf2+ 32. Kg1 Nd3 33. Rf1 Rc3 34. Nd5 Rxa3 35. Rb1 Ra7 36. b5 Rd7 37. b6 Nc5 38. Ne3 Nb7 39. Rc1 Rd6 40. Rc8+ Kh7 41. Nc4 Rd4 42. g3 f6 43. Rc7 h4 44. Ne3 Na5 45. Rxg7+ 1-0

[Event "HUN-chT2 Charousek 0809"]
[Site "Hungary"]
[Date "2008.11.30"]
[Round "3"]
[White "Pali, Gabor"]
[Black "Gerencer, Jozef"]
[Result "1-0"]
[WhiteElo "2049"]
[BlackElo "2131"]
[PlyCount "77"]
[EventDate "2008.10.26"]
[EventType "team-tourn"]
[EventRounds "11"]
[EventCountry "HUN"]
[SourceTitle "EXT 2010"]
[Source "ChessBase"]
[SourceDate "2010.11.25"]
[SourceVersion "1"]
[SourceVersionDate "2010.11.25"]
[SourceQuality "1"]
[WhiteTeam "Barcza"]
[BlackTeam "Csuti II"]
[WhiteTeamCountry "HUN"]
[BlackTeamCountry "HUN"]

1. d4 c5 2. d5 e5 3. e4 d6 4. c4 f5 5. Nc3 Be7 6. Bd3 fxe4 7. Nxe4 g6 8. Ne2 Nf6 9. N2g3 0-0 10. Bh6 Re8 11. h3 Nxe4 12. Bxe4 Bg5 13. Bxg5 Qxg5 14. Qd2 Qxd2+ 15. Kxd2 Rf8 16. f3 Bd7 17. Bd3 Bf5 18. Bxf5 gxf5 19. f4 exf4 20. Nh5 f3 21. gxf3 Nd7 22. f4 Nf6 23. Rhg1+ Kh8 24. Nxf6 Rxf6 25. Rae1 Rg8 26. Rxg8+ Kxg8 27. Re7 Rf7 28. Re6 Rg7 29. Rxd6 Rg2+ 30. Kc3 Rg3+ 31. Kc2 Rxh3 32. Rf6 h5 33. Rxf5 b6 34. d6 Rh2+ 35. Kd3 Rh1 36. Ke2 Rh2+ 37. Ke3 Rh1 38. d7 Rd1 39. Rd5 1-0

[Event "HUN-chT2 Szechenyi 0809"]
[Site "Hungary"]
[Date "2008.10.26"]
[Round "1.1"]
[White "Szabo, Adam"]
[Black "Gerencer, Jozef"]
[Result "0-1"]
[WhiteElo "2116"]
[BlackElo "2131"]
[PlyCount "66"]
[EventDate "2008.10.26"]
[EventType "team-tourn"]
[EventRounds "11"]
[EventCountry "HUN"]
[SourceTitle "EXT 2010"]
[Source "ChessBase"]
[SourceDate "2010.11.25"]
[SourceVersion "1"]
[SourceVersionDate "2010.11.25"]
[SourceQuality "1"]
[WhiteTeam "Tapolca II"]
[BlackTeam "Baki Agrocentrum"]
[WhiteTeamCountry "HUN"]
[BlackTeamCountry "HUN"]

1. d4 Nf6 2. c4 e6 3. Nf3 b6 4. a3 Bb7 5. Nc3 d5 6. Bg5 Be7 7. e3 0-0 8. Bd3 dxc4 9. Bxc4 Ne4 10. Bxe7 Qxe7 11. 0-0 Nxc3 12. bxc3 Nd7 13. Qe2 c5 14. Bd3 e5 15. e4 exd4 16. cxd4 cxd4 17. Nxd4 Nc5 18. Nf5 Qf6 19. Bc2 Ba6 20. Qg4 Bxf1 21. Rxf1 Rad8 22. f4 g6 23. e5 Qe6 24. Nh6+ Kh8 25. Qh4 f5 26. g4 fxg4 27. f5 Qxe5 28. Nf7+ Rxf7 29. Qxd8+ Kg7 30. Qg5 Ne4 31. Qf4 Qc5+ 32. Kh1 Qxc2 33. Qe5+ Nf6 0-1

[Event "Zalakaros op 27th"]
[Site "Zalakaros"]
[Date "2008.05.22"]
[Round "1"]
[White "Csiszar, Csaba"]
[Black "Gerencer, Jozef"]
[Result "1-0"]
[WhiteElo "2415"]
[BlackElo "2140"]
[PlyCount "125"]
[EventDate "2008.05.22"]
[EventType "swiss"]
[EventRounds "9"]
[EventCountry "HUN"]
[SourceTitle "CBM 124 Extra"]
[Source "ChessBase"]
[SourceDate "2008.07.03"]
[SourceVersion "1"]
[SourceVersionDate "2008.07.03"]
[SourceQuality "1"]

1. d4 Nf6 2. c4 e6 3. Nf3 d5 4. Nc3 dxc4 5. e3 c5 6. Bxc4 Nc6 7. 0-0 Be7 8. a3 a6 9. Qd3 0-0 10. Rd1 b5 11. Ba2 Bb7 12. Qe2 Qc7 13. dxc5 Bxc5 14. b4 Be7 15. Bb2 Rfd8 16. Rac1 Rxd1+ 17. Qxd1 Rd8 18. Qc2 Qd7 19. Bb1 g6 20. h3 Na7 21. Ne5 Qd2 22. Qb3 Qd6 23. Ne2 Bd5 24. Qd1 Rc8 25. Nf4 Rxc1 26. Qxc1 Bb7 27. f3 Nc6 28. Ned3 Nd7 29. Nf2 Bf6 30. Ng4 Bxb2 31. Qxb2 h5 32. Nh6+ Kf8 33. Qh8+ Ke7 34. Bxg6 Qd1+ 35. Kh2 fxg6 36. Qg7+ Kd6 37. Nf7+ Kc7 38. Nxe6+ Kb6 39. Qxg6 Nce5 40. Nxe5 Nxe5 41. Qxh5 Qd6 42. Nf4 a5 43. h4 axb4 44. axb4 Bc6 45. Qf5 Bd7 46. Qe4 Nc6 47. Qd5 Qe7 48. Ng6 Qg7 49. Qc5+ Ka6 50. h5 Be8 51. f4 Na7 52. g4 Qb2+ 53. Kg3 Bc6 54. Kh4 Qf6+ 55. g5 Qa1 56. Ne5 Qh1+ 57. Kg4 Be4 58. g6 Qg2+ 59. Kh4 Bf5 60. Qd6+ Kb7 61. Qe7+ Kb8 62. Qf8+ Bc8 63. g7 1-0

[Event "HUN-chT2 Charousek 0708"]
[Site "Hungary"]
[Date "2008.03.30"]
[Round "9"]
[White "Medvegyne Balogh, Emese"]
[Black "Gerencer, Jozef"]
[Result "1/2-1/2"]
[WhiteElo "2082"]
[BlackElo "2149"]
[PlyCount "47"]
[EventDate "2007.10.14"]
[EventType "team"]
[EventRounds "11"]
[EventCountry "HUN"]
[SourceTitle "EXT 2009"]
[Source "ChessBase"]
[SourceDate "2008.11.26"]
[SourceVersion "1"]
[SourceVersionDate "2008.11.26"]
[SourceQuality "1"]
[WhiteTeam "Dunaharaszti"]
[BlackTeam "Csuti II"]
[WhiteTeamCountry "HUN"]
[BlackTeamCountry "HUN"]

1. e4 d5 2. exd5 Qxd5 3. Nc3 Qd6 4. Nf3 Bg4 5. d4 c6 6. Be3 Nf6 7. h3 Bxf3 8. Qxf3 Nd5 9. Bc4 e6 10. 0-0 Be7 11. Nxd5 exd5 12. Bd3 0-0 13. Rfe1 Qf6 14. Qh5 g6 15. Qg4 Qh4 16. Qxh4 Bxh4 17. Bh6 Rd8 18. Re2 Nd7 19. Rae1 Nf8 20. g3 Bf6 21. c3 Ne6 22. f4 Ng7 23. Bxg7 Kxg7 24. Kg2 1/2-1/2

[Event "SLO-chT1 East"]
[Site "Celje"]
[Date "2007.11.21"]
[Round "9"]
[White "Gerencer, Jozef"]
[Black "Benko, Bostjan"]
[Result "1/2-1/2"]
[WhiteElo "2149"]
[BlackElo "1909"]
[PlyCount "88"]
[EventDate "2007.11.11"]
[EventType "team-tourn"]
[EventRounds "9"]
[EventCountry "SLO"]
[SourceTitle "EXT 2010"]
[Source "ChessBase"]
[SourceDate "2010.11.25"]
[SourceVersion "1"]
[SourceVersionDate "2010.11.25"]
[SourceQuality "1"]

1. d4 Nf6 2. Nf3 d6 3. g3 Bg4 4. Bg2 c6 5. b3 Nbd7 6. Bb2 Qc7 7. 0-0 Bxf3 8. Bxf3 e5 9. dxe5 dxe5 10. c4 Be7 11. Nc3 0-0 12. Qc2 Rad8 13. Rad1 b6 14. Rd2 Nc5 15. Rfd1 Rxd2 16. Rxd2 Ne6 17. e3 g6 18. Qd1 Rd8 19. Rxd8+ Nxd8 20. Qd2 Ne6 21. Qd3 Nc5 22. Qd2 Ne6 23. Qd1 Nd7 24. Ne2 f5 25. Qd2 Nf6 26. Qc3 Ng5 27. Bg2 Nf7 28. Nc1 Qd6 29. Qd3 Qc7 30. e4 fxe4 31. Bxe4 Nxe4 32. Qxe4 Qd6 33. Nd3 Bf6 34. Bc3 Kg7 35. Kg2 Ng5 36. Qe3 e4 37. Bxf6+ Qxf6 38. Nf4 Qf5 39. h4 Nf3 40. Qc3+ Ne5 41. Qd4 Kh6 42. Qe3 Kg7 43. Qd4 Kh6 44. Qe3 Kg7 1/2-1/2